000
002860000a22000970004500
100
1
_a
Rius-Camps, Josep
245
1
0
_a
Simón (Pedro) se autoexcluye de la llamada de Jesús al seguimiento
300
_a
vol. 57, núm 1 (1999), Páginas 565-587
773
0
_t
Estudios Bíblicos
942
_c
ANA
999
_c
50302
_d
50302